Statistiken für Sind diese Namen erlaubt oder nicht? #1

Klicken Sie hier um das Quiz zu spielen!

Allgemein

  • Dieses Quiz wurde 127 mal gespielt
    (105 seit der letzten Aktualisierung)
  • Das Durchschnittsergebnis liegt bei 5 aus 10

Antwortstatistiken

FrageAntwort% Korrekt
RezoJa
76%
BambiJa
67%
SchneewittchenNein
60%
MilkaJa
58%
Jesus ChristianJa
53%
Pippilotta Viktualia PfefferminzaNein
34%
Pepsi-CarolaJa
32%
Enzo FerrariNein
28%
King CharlesJa
23%
Roland KaiserNein
23%

Verteilung der Resultate

Perzentil nach korrekt beantworteten Fragen

Anzahl Personen mit jedem Resultat

Ihre Resultats-Entwicklung

Sie haben dieses Quiz seit der letzten Aktualisierung nicht gespielt